Unreligiöseste Länder der Welt - Statistiken

Allgemein
  • Dieses Quiz wurde 630 mal gespielt
  • Das Durchschnittsergebnis liegt bei 20 aus 30
Antwortstatistiken
Platz Land Anteil religiöser Personen % Korrekt
23. Deutschland 40%
94%
5. Norwegen 22%
89%
2. Schweden 17%
89%
8. Finnland 28%
87%
3. Dänemark 19%
84%
26. Kanada 42%
82%
13. Niederlande 33%
82%
15. Russland 34%
82%
14. Belgien 33%
81%
9. Frankreich 30%
81%
24. Schweiz 41%
81%
1. Estland 16%
77%
22. Luxemburg 39%
77%
11. Australien 32%
76%
19. Lettland 39%
76%
26. Litauen 42%
76%
4. Tschechien 21%
75%
6. Japan 24%
74%
7. Vereinigtes Königreich 27%
73%
12. Neuseeland 33%
69%
30. Ukraine 46%
69%
15. Weißrussland 34%
63%
20. Ungarn 39%
62%
28. Südkorea 43%
60%
15. Bulgarien 34%
53%
29. Taiwan 45%
41%
15. Kuba 34%
35%
9. Vietnam 30%
29%
24. Uruguay 41%
13%
21. Aserbaidschan 39%
10%
Keine übereinstimmenden Quizze gefunden
Verteilung der Resultate
Anzahl Personen mit jedem Resultat
Perzentil nach korrekt beantworteten Fragen
Ihre Resultats-Entwicklung
Sie haben dieses Quiz noch nicht gespielt